Microeconomics and Behaviour (Record no. 43465)

MARC details
000 -LEADER
fixed length control field 00489nam a22001937a 4500
005 - DATE AND TIME OF LATEST TRANSACTION
control field 20250328125417.0
008 - FIXED-LENGTH DATA ELEMENTS--GENERAL INFORMATION
fixed length control field 250328b |||||||| |||| 00| 0 eng d
020 ## - INTERNATIONAL STANDARD BOOK NUMBER
International Standard Book Number 9780077167929
041 ## - LANGUAGE CODE
Language code of text/sound track or separate title eng
082 ## - DEWEY DECIMAL CLASSIFICATION NUMBER
Classification number 338.4791 VIL
100 ## - MAIN ENTRY--PERSONAL NAME
Author Villiers, Pierre De
245 ## - TITLE STATEMENT
Title Microeconomics and Behaviour
250 ## - EDITION STATEMENT
Edition statement 2nd
260 ## - PUBLICATION, DISTRIBUTION, ETC.
Place London
Publisher McGraw-Hill
Publication Year 2015
300 ## - PHYSICAL DESCRIPTION
Extent 537;. pages: 26 cm
650 ## - SUBJECT ADDED ENTRY--TOPICAL TERM
Subject Tourism; Microeconomics
700 ## - ADDED ENTRY--PERSONAL NAME
Co-Author Frank, Robert H.
942 ## - ADDED ENTRY ELEMENTS (KOHA)
Koha item type Books
Holdings
Withdrawn status Lost status Source of classification or shelving scheme Damaged status Not for loan Home library Current library Shelving location Accession Date Vendor Price Bill number Total Checkouts Full call number Barcode No Date last seen Discount Bill Date Koha item type Suggested By
    Dewey Decimal Classification     IMTN IMTN Rack 11-B 03/24/2025 Raghav Books Private Limited 7233.39 2374   338.4791 VIL 33755 03/28/2025 33 02/14/2025 Books Dr. Veena Pailwar
Designed & Maintained by: LRC IMT Nagpur Contact: lrc@imtnag.ac.in© 2024. All Rights Reserved.